000 nam a22 7a 4500
999 _c127125
_d127125
008 171016b xxu||||| |||| 00| 0 eng d
050 _aB995.L654M37 2014
100 _aMarsh, James L.
_934260
245 _aLonergan in thev world
_bSelf-appropriation, otherness and justice
_c/ James L. Marsh
260 _aToronto
_bUniversity of Toronto Press
_c2014
300 _axi, 185p. ;
_c23cm.
440 _aLonergan studies
_922166
600 _aLonergan, Bernard J.F. (Bernard Joseph Francis)
_d1904-1984
_937125
942 _2lcc
_cMONOGRAPH